000 00805nam a2200217 a 4500
001 000007378
005 20250523102601.0
008 090908s2002 dr 000 0 spa d
040 _aDO-SdBNP
082 _a121.8
_bN714i
100 1 _aNina Ortiz, Carlos
_910992
245 1 0 _aIntegración de valores en la educación /
_cCarlos Nina Ortiz; introducción Hermes Tavera Bueno.
260 _aSanto Domingo, :
_bImpresos y diseños El Remanente,
_c2002.
300 _a153 p. ;
_c21 cm.
500 _aEducar es individualizar y socializar con un fin moralizador
504 _aIncluye referencias bibliográficas y notas al pie de las páginas
504 _aIncluye bibliografías (p. 143-153)
650 0 _aValores (Filosofía)
_9604
650 4 _aValores filosofía)
_xEnseñanza
_912690
049 _aBNPD
999 _c7159
_d7159